header

Qualitative research in social work (Record no. 55536)

MARC details
000 -LEADER
fixed length control field 01286nam a2200337Ia 4500
245 00 - TITLE STATEMENT
Title Qualitative research in social work
260 ## - PUBLICATION, DISTRIBUTION, ETC. (IMPRINT)
Place of publication London :
Name of publisher Sage,
Year of publication 2001.
300 ## - PHYSICAL DESCRIPTION
Number of Pages xi, 233 p.
490 1# - SERIES STATEMENT
Series statement Introducing qualitative methods
650 #0 - SUBJECT ADDED ENTRY--TOPICAL TERM
Topical Term Social service
Topical Term Qualitative research.
700 1# - ADDED ENTRY--PERSONAL NAME
Personal name Shaw, Ian,
Personal name Gould, Nick.
856 40 - ELECTRONIC LOCATION AND ACCESS
Uniform Resource Identifier http://site.ebrary.com/lib/rucke/Doc?id=10080886

No items available.

© 2026 Rongo University
Contact us: librarian | system librarian | Rongo university